Normal view MARC view

Entry Personal Name

Number of records used in: 1

001 - CONTROL NUMBER

  • control field: 58935

003 - CONTROL NUMBER IDENTIFIER

  • control field: dpl

005 - DATE AND TIME OF LATEST TRANSACTION

  • control field: 20231121155213.0

008 - FIXED-LENGTH DATA ELEMENTS

  • fixed length control field: 231121|| aca||aabn | a|a d

040 ## - CATALOGING SOURCE

  • Original cataloging agency: dpl
  • Transcribing agency: dpl

100 ## - HEADING--PERSONAL NAME

  • Personal name: Thirumaran, D

670 ## - SOURCE DATA FOUND

  • Source citation: Work cat.: (dpl)198806: DR.B.R.Ambedkar;History, Visions Identity and Relevance/, 2022

© Delhi Public Library
Hit Counter
free hit counter